Márkaépítés, márkamenedzsment a Triumph International (Budapest) Kft-nél
| Main Author: | |
|---|---|
| Other Authors: | |
| Format: | Project work |
| Kulcsszavak: | kereskedelem márkaépítés márkamenedzsment márkázás Triumph |
| Online Access: | http://dolgozattar.uni-bge.hu/59837 |
MARC
| LEADER | 00000nnm a2200000 i 4500 | ||
|---|---|---|---|
| 001 | dolg59837 | ||
| 005 | 20260409145631.0 | ||
| 008 | 260409suuuu hu o 000 hun d | ||
| 040 | |a BGE Dolgozattár Repozitórium |b hun | ||
| 041 | |a hu | ||
| 100 | 1 | |a Bercea Krisztina | |
| 245 | 1 | 0 | |a Márkaépítés, márkamenedzsment a Triumph International (Budapest) Kft-nél |c Bercea Krisztina |h [elektronikus dokumentum] |
| 516 | |a Project_work | ||
| 520 | 3 | |a 2016 óta dolgozom a Triumph-nál, az évek alatt diákból üzletvezető helyettessé váltam. Ez idő alatt rengeteg új dolgot megtanultam a cégnél, legyen szó a termékekről, az üzleti politikáról vagy a csapatmunka fontosságáról. Tanulmányaim során szakot váltottam, így kerültem a kereskedelem és marketing szakra, ami összefüggött a mindennapi munkámmal. Öröm volt visszahallani az egyetemi órákon olyan dolgokat, amiket a mindennapi munkánk során alkalmazunk és még nagyobb boldogsággal, sőt elégedettséggel töltött el, amikor a munkám során használtam olyat, amit az egyetemi előadásokon sajátítottam el. Rádöbbentem az évek alatt, hogy bármennyire is kecsegtető egy-egy magasabb pozíció, ami irodai munka lenne a központban, én nagyon szeretek az eladó térben dolgozni és értékesítőként részt venni a cég mindennapi előrébb jutásában. Projektmunkámban igyekeztem összeszedni a bennem felmerülő kérdéseket és az ezekre kapott válaszokat, amelyek számomra egész meglepő eredményeket hoztak a kidolgozás végére. | |
| 695 | |a kereskedelem | ||
| 695 | |a márkaépítés | ||
| 695 | |a márkamenedzsment | ||
| 695 | |a márkázás | ||
| 695 | |a Triumph | ||
| 700 | 1 | |a Kovács Dr. András |e ths | |
| 856 | 4 | 0 | |u http://dolgozattar.uni-bge.hu/59837/1/Bercea_Krisztina_Projektmunka.pdf |z Dokumentum-elérés |
| 856 | 4 | 0 | |u http://dolgozattar.uni-bge.hu/59837/2/KM%20FOSZK%20b%C3%ADr%C3%A1lati%20lap_Bercea%20Krisztina_Kov%C3%A1cs_A.pdf |z Dokumentum-elérés |